000 00692nam a2200217Ia 4500
003 GCL
008 140319s9999 xx 000 0 ara d
020 _a6513249960
040 _aGCL /
_cGCL
082 0 4 _a616.959
_bع أ
100 1 _aعلاء الدين محمد على مرشدى
245 1 0 _aالانسان وجنون البقر /
_cعلاء الدين محمد على مرشدى
250 _aالاولى
260 _aالرياض :
_bدار المريخ للنشر ،
_c2002
300 _a188 ص ؛
_c24 سم
650 0 4 _aاللحوم
650 0 4 _aالبقر - امراض
650 0 4 _aاللحوم - فحص
650 0 4 _aاللحوم الحمراء
942 _2ddc
_cBK
999 _c57244
_d57244